El sí de las niñas
Saved in:
| Hovedforfatter: | |
|---|---|
| Format: | Bog |
| Sprog: | spansk |
| Udgivet: |
Madrid
Urdeos
1987
|
| Serier: | Burdeos. Serie didáctica, 1
|
| Fag: | |
| Tags: |
Tilføj Tag
Ingen Tags, Vær først til at tagge denne postø!
|
MARC
| LEADER | 00000nam a2200000 a 4500 | ||
|---|---|---|---|
| 001 | UCX1864 | ||
| 003 | CL-VaPUC | ||
| 008 | 901113e19870000SP |||||||||||||||||spa|d | ||
| 082 | 0 | 4 | |a 862 |b FER |2 21 |
| 100 | 0 | |a Fernández de Moratín, Leandro |e author |9 317567 | |
| 245 | 1 | 3 | |a El sí de las niñas |
| 300 | |a 138 p | ||
| 942 | |c BK | ||
| 945 | |d 19901113 00:00:00 | ||
| 260 | |a Madrid |b Urdeos |c 1987 | ||
| 650 | 0 | |a Teatro español |9 265077 | |
| 583 | |a last modification |c 19901113 00:00:00 |k Rodrigo Vera | ||
| 490 | 0 | |a Burdeos. Serie didáctica, 1 | |
| 999 | |c 223004 |d 223002 | ||
| 952 | |0 0 |1 0 |4 0 |6 862_000000000000000_FER_1987 |7 0 |8 R |9 218373 |a BIBEDU |b BIBEDU |c MCIRC |d 2019-11-15 |i 2872145 |o 862 FER 1987 |p 2872145 |r 2023-01-13 |w 2019-11-15 |y BK_R |k LIT | ||